| 000 | 00000nam##2200000za#4500 |
| 001 | 9.621224 |
| 003 | CaOODSP |
| 005 | 20200327165733 |
| 007 | ta |
| 008 | 150406|1991||||xxc||||| f|0| 0 fre|d |
| 020 | |a0-662-96887-5 |
| 040 | |aCaOODSP|bfre |
| 043 | |an-cn--- |
| 086 | 1 |aEn108-3/1-28F |
| 110 | 1 |aCanada.|bEnvironnement Canada. |bConseil canadien des ministres de l'environnement. |
| 245 | 10|aLignes directrices nationales sur l'enfouissement des déchets dangereux |
| 260 | |aOttawa - Ontario : |bEnvironnement Canada. |c1991. |
| 300 | |a53p. : |bfigures, références ; |c28 cm. |
| 490 | 1 |a[Rapport.] |vCCME-WM/TRE-028F |
| 563 | |aCouverture souple |
| 776 | 0#|tLignes directrices nationales sur l'enfouissement des déchets dangereux |w(CaOODSP)9.608384 |
| 830 | #0|a[Rapport.]|vCCME-WM/TRE-028F|w(CaOODSP)9.512948 |